Social evolution and sociological categories. (Record no. 560563)

MARC details
000 -LEADER
fixed length control field 00702nam a2200241Ia 4500
003 - CONTROL NUMBER IDENTIFIER
control field OSt
005 - DATE AND TIME OF LATEST TRANSACTION
control field 20220925212528.0
008 - FIXED-LENGTH DATA ELEMENTS--GENERAL INFORMATION
fixed length control field 220923b |||||||| |||| 00| 0 eng d
037 ## - SOURCE OF ACQUISITION
Terms of availability General Book
040 ## - CATALOGING SOURCE
Original cataloging agency RTL
Transcribing agency RTL
Language of cataloging eng
041 ## - LANGUAGE CODE
Source of code eng
Language code of text/sound track or separate title eng
100 ## - MAIN ENTRY--PERSONAL NAME
Personal name Hirst Paul Q
9 (RLIN) 77976
245 #0 - TITLE STATEMENT
Title Social evolution and sociological categories.
260 ## - PUBLICATION, DISTRIBUTION, ETC.
Place of publication, distribution, etc. London
Name of publisher, distributor, etc. Allen and Unwin
Date of publication, distribution, etc. 1976
300 ## - PHYSICAL DESCRIPTION
Extent 135p
Dimensions cm.
490 ## - SERIES STATEMENT
Series statement Controversies in sociology. Ed by T B Botto-more and M J Mulkay.5
500 ## - GENERAL NOTE
General note Bibliography P 129-131
942 ## - ADDED ENTRY ELEMENTS (KOHA)
Classification part Yv1, L6
Koha item type General Books
Source of classification or shelving scheme Colon Classification (CC)
Holdings
Withdrawn status Lost status Damaged status Not for loan Home library Current library Date acquired Total Checkouts Full call number Barcode Date last seen Price effective from Koha item type
        Ratan Tata Library Ratan Tata Library 2022-09-25   Yv1 L6 RT0525755 2022-09-25 2022-09-25 General Books
Copyright @ Delhi University Library System